• 首页
  • 本馆介绍
  • 公告通知
  • 最新文献
  • 馆藏检索
  • 电子资源
  • 读者导购
  • 参考咨询
  • 我的图书馆
  • 登录
  • 详细信息显示
  • 放入我的书架
  • 预约/预借图书
  • 作者相关作品
  • 分类相关作品
  • 丛书相关作品
  • 出版社相关作品

书目信息

  • 表格格式
  • 工作单格式
  • 卡片格式
题名:
震撼世界的十天
    
 
作者: 里德 著 ;郭圣铭 译
分册:  
出版信息: 北京   人民出版社  1980
页数: 413页
开本: 21cm
丛书名:
单 册:
中图分类: K512.5
科图分类:
主题词: 东欧--历史 , 中欧--历史 , 十月社会主义革命
电子资源:
ISBN:
000 00701nam0 2200253 45
001 0180000818
005 20060524085858.87
010    @dCNY1.50
091    @a11001.425
100    @a19950315d1980 em y0chiy0121 ea
101 1  @achi@ceng
102    @aCN@b110000
105    @ac z 000yy
200 10 @a震撼世界的十天@Azhen han shi jie de shi tian@f(美)约翰·里德著@F(mei)yue han·li de zhu@g郭圣铭译
210    @a北京@c人民出版社@d1980
215    @a413页@c照片@d21cm
606 0  @a东欧@x历史
606 0  @a中欧@x历史
606    @a十月社会主义革命
690    @aK512.5@v3
701  0 @a里德@Ali de@4著
702  0 @a郭圣铭@Aguo sheng ming@4译
801    @aCN@bTSTC@c20060524
905    @dK512.5@e15
    
    震撼世界的十天/(美)约翰·里德著/郭圣铭译.-北京:人民出版社,1980
    413页:照片;21cm
    
    
    ISBN :CNY1.50
    
●
相关链接 在E读中查询图书 在五车中查询图书 在当当中查询图书 在豆瓣中查询图书


正题名:震撼世界的十天     索取号:K512.5/15         预约/预借

序号 登录号 条形码 馆藏地/架位号 状态 备注
1 0048154   202084653   第二样本阅览室/ [索取号:K512.5/15] 在馆    
2 0048155   001395332   第二借阅区/ [索取号:K512.5/15] 在馆    
3 0048156   001394949   第二借阅区/ [索取号:K512.5/15] 在馆    
4 0179078   001657228   密集书库/ [索取号:K512.5/15] 在馆    
5 0179079   001657184   密集书库/ [索取号:K512.5/15] 在馆    
6 0179080   001657148   密集书库/ [索取号:K512.5/15] 在馆    
7 0179081   001657102   密集书库/ [索取号:K512.5/15] 在馆    
8 0179082   202381911   密集书库/ [索取号:K512.5/15] 在馆    
9 0179083   001394930   第二借阅区/ [索取号:K512.5/15] 在馆    
唐山师范学院图书馆 欢迎您!
大连网信软件有限公司© 版权所有